Manual on computer applications training in library science / (Record no. 63565)
[ view plain ]
| 000 -LEADER | |
|---|---|
| fixed length control field | 00622nam a22001697a 4500 |
| 005 - DATE AND TIME OF LATEST TRANSACTION | |
| control field | 20120228130831.0 |
| 020 ## - INTERNATIONAL STANDARD BOOK NUMBER | |
| International Standard Book Number | 817000196X |
| Terms of availability | 550.00 |
| 035 ## - SYSTEM CONTROL NUMBER | |
| System control number | A-904954 |
| 037 ## - SOURCE OF ACQUISITION | |
| Stock number | DPL |
| Source of stock number/acquisition | ENG |
| 100 ## - MAIN ENTRY--PERSONAL NAME | |
| Personal name | Sehgal, R. L. |
| 245 ## - TITLE STATEMENT | |
| Title | Manual on computer applications training in library science / |
| Statement of responsibility, etc | by R.L. Sehgal and D.K. Behl |
| 260 ## - PUBLICATION, DISTRIBUTION, ETC. (IMPRINT) | |
| Place of publication, distribution, etc | New Delhi |
| Name of publisher, distributor, etc | Ess Ess Publications |
| Date of publication, distribution, etc | 1996 |
| 300 ## - PHYSICAL DESCRIPTION | |
| Extent | 352p. |
| Dimensions | 18 cms. |
| 700 ## - ADDED ENTRY--PERSONAL NAME | |
| Personal name | Behl, D.K. |
| 9 (RLIN) | 43154 |
| 942 ## - ADDED ENTRY ELEMENTS (KOHA) | |
| Source of classification or shelving scheme | Dewey Decimal Classification |
| Item type | English Books |
| Classification part | 025.04 |
| Call number suffix | SEH |
| Withdrawn status | Lost status | Not for loan | Collection code | Home library | Current library | Date acquired | Cost, normal purchase price | Full call number | Barcode | Cost, replacement price | Koha item type |
|---|---|---|---|---|---|---|---|---|---|---|---|
| Non-fiction | Sarojini Nagar | Sarojini Nagar | 28/02/2012 | 550.00 | 025.04 SEH | A-904954 | 550.00 | English Books |
